<?xml version="1.0" encoding="UTF-8"?>
<marc:record xmlns:marc="http://www.loc.gov/MARC21/slim">
   <marc:leader>00000nam a2200000 a 4500</marc:leader>
   <marc:datafield ind1="0" ind2="0" tag="245">
      <marc:subfield code="a">Das letzte Einhorn kehrt zurück</marc:subfield>
   </marc:datafield>
   <marc:datafield ind1=" " ind2="1" tag="264">
      <marc:subfield code="b">Starmovie</marc:subfield>
      <marc:subfield code="c">2012</marc:subfield>
   </marc:datafield>
   <marc:datafield ind1="1" ind2=" " tag="520">
      <marc:subfield code="a">Das Waisenmädchen Polly lebt auf der Farm ihres Großvaters Ted und erfährt großen Kummer, als ihre Lieblingsstute bei der Geburt eines Fohlens stirbt. Das ist jedoch schnell vergessen, als sich das Fohlen als Einhorn entpuppt. Schon bald bekommt ein Journalist Wind von der Sache und schreibt einen Artikel, der nicht nur Schaulustige anzieht, sondern auch einen abgehalfterten Zauberer und einen fiesen Zirkusbesitzer. Beide haben es auf das Einhorn abgesehen.</marc:subfield>
   </marc:datafield>
   <marc:datafield ind1=" " ind2=" " tag="020">
      <marc:subfield code="a">4051238010725</marc:subfield>
      <marc:subfield code="9">4051238010725</marc:subfield>
   </marc:datafield>
   <marc:datafield ind1="0" ind2=" " tag="490">
      <marc:subfield code="v">0</marc:subfield>
   </marc:datafield>
   <marc:datafield ind1=" " ind2=" " tag="300">
      <marc:subfield code="a">81 Minuten</marc:subfield>
   </marc:datafield>
</marc:record>
